Zufällige Länder 11# - Statistiken

Allgemein
  • Dieses Quiz wurde 49 mal gespielt
  • Das Durchschnittsergebnis liegt bei 11 aus 15
Antworten auf der Karte
Die Antworten werden auf der Karte rot bzw. grün angezeigt, abhängig davon wie oft sie richtig erraten wurden.
 
Antwortstatistiken
Antwort % Korrekt
Ecuador
94%
Frankreich
92%
Saudi Arabien
92%
Bangladesch
86%
Mauritius
83%
Benin
81%
Katar
81%
Eswatini
75%
El Salvador
61%
Jordanien
61%
Burundi
58%
Ghana
58%
Trinidad
56%
Ruanda
53%
Libanon
50%
Keine übereinstimmenden Quizze gefunden
Verteilung der Resultate
Anzahl Personen mit jedem Resultat
Perzentil nach korrekt beantworteten Fragen
Ihre Resultats-Entwicklung
Sie haben dieses Quiz noch nicht gespielt